[Event "GER-ch U10 Girls"]
[Site "Willingen"]
[Date "2023.05.30"]
[Round "5"]
[White "Rhein, Linnea"]
[Black "Greither, Flora"]
[Result "0-1"]
[WhiteElo "849"]
[BlackElo "978"]
[PlyCount "122"]
[EventDate "2023.05.27"]
[EventType "swiss"]
[EventRounds "11"]
[EventCountry "GER"]
[SourceTitle "CBM 214 Extra"]
[Source "ChessBase"]
[SourceDate "2023.07.31"]
[SourceVersion "1"]
[SourceVersionDate "2023.07.31"]
[SourceQuality "1"]

1. d4 d5 2. Bf4 Bf5 3. e3 e6 4. Nd2 Nf6 5. Ngf3 Bb4 6. c3 Ba5 7. Ne5 c6 8. Be2 Nbd7 9. 0-0 Nxe5 10. Bxe5 0-0 11. Nf3 Bg4 12. Bd3 Bc7 13. Bxc7 Qxc7 14. h3 Bh5 15. Be2 h6 16. Qd2 Ne4 17. Qc2 Bg6 18. Bd3 Qd8 19. Ne5 Bf5 20. c4 Qe7 21. c5 Qg5 22. f4 Qe7 23. Bxe4 Bxe4 24. Qf2 f6 25. Qh4 Rae8 26. Nf3 Qf7 27. Qg3 Bd3 28. Rfd1 Be2 29. Re1 Bd3 30. Nh4 Qd7 31. Red1 Be2 32. Rd2 Bh5 33. Rf2 Rf7 34. f5 Ref8 35. fxe6 Qxe6 36. Rf5 Be2 37. Re1 Bd3 38. Rf4 f5 39. Rd1 Be4 40. Ng6 Re8 41. Ne5 Bc2 42. Rd2 Be4 43. Nxf7 Qxf7 44. Rdf2 Rf8 45. b4 b5 46. Rf1 a6 47. Ra1 Ra8 48. a4 Qb7 49. axb5 Qxb5 50. Qg6 Rf8 51. Qe6+ Rf7 52. Qe8+ Rf8 53. Qg6 Qd3 54. Qxc6 Qxe3+ 55. Rf2 Qxd4 56. Qe6+ Rf7 57. c6 Qxa1+ 58. Rf1 Qd4+ 59. Kh2 Qd2 60. Rg1 Qc2 61. Rd1 Qxg2# 0-1